Corazón andariego / (Registro nro. 10508)

Detalles MARC
000 -LIDER
fixed length control field 00819nam a22002777a 4500
001 - NÚMERO DE CONTROL
Identificador de número de control 00570
003 - IDENTIFICACDOR DE NÚMERO DE CONTROL
control field DO-SdBNP
005 - DATE AND TIME OF LATEST TRANSACTION
control field 20240305075148.0
007 - CAMPOS FIJOS DE DESCRIPCIÓN FÍSICA
fixed length control field 00570
008 - ELEMENTOS DE LONGITUD FIJA
fixed length control field 160622b sp 2009 || 00| 0 spa d
020 ## - ISBN
International Standard Book Number 9788420423555
040 ## - FUENTE DE CATALOGACIÓN
Agencia que crea de manera original el registro BPMSU
Idioma de catalogación spa
Agencia que realiza la transcripción BPMSU
082 #4 - NÚMERO DE CLASIFICACIÓN DECIMAL DE DEWEY
Classification number B869.4
Item number P622c 2009
Edition number 22
100 1# - ASIENTO PRINCIPAL -- NOMBRE PERSONAL
Nombre personal Piñon, Nélida,
Fechas asociadas con el nombre 1937-
9 (RLIN) 61
245 10 - MENCIÓN DE TITULO
Título Corazón andariego /
Mención de responsabilidad Nélida Piñon ; traducción Montserrat Mira
260 ## - PUBLICACIÓN, DISTRIBUCIÓN, ETC. (PIE DE IMPRENTA)
Lugar de publicación, distribución, etc Madrid :
Nombre del editor, distribuidor, etc. Alfaguara,
Fecha de publicación, distribución, etc 2009.
300 ## - DESCRIPCIÓN FÍSICA
Extensión 324 p. ;
Dimensiones 24 cm.
534 ## - NOTA SOBRE LA VERSIÓN ORIGINAL
Frase introductoria Título original :
Mención del título original Coração andarilho
590 ## - NOTA LOCAL
Texto de la nota local Inventarado, 2024/VM
650 #4 - ENCABEZAMIENTO DE MATERIA--TEMÁTICO
Término temático o nombre geográfico como elemento de entrada Novela brasileña
650 #4 - ENCABEZAMIENTO DE MATERIA--TEMÁTICO
Término temático o nombre geográfico como elemento de entrada Novela amorosa
650 #4 - ENCABEZAMIENTO DE MATERIA--TEMÁTICO
Término temático o nombre geográfico como elemento de entrada Literatura brasileña
700 1# - ASIENTO SECUNDARIO -- NOMBRE PERSONAL
Nombre personal Mira, Montserrat,
Mención de responsabilidad tr.
Fechas asociadas con el nombre 1928-
9 (RLIN) 63
910 ## - VALIDACIÓN
Validación VMateo V. Control de calidad. BPMSU
942 ## - ADDED ENTRY ELEMENTS (KOHA)
Source of classification or shelving scheme Dewey Decimal Classification
Koha item type Libros
Existencias
Withdrawn status Lost status Source of classification or shelving scheme Damaged status Not for loan Collection code Home library Current library Date acquired Source of acquisition Total Checkouts Full call number Barcode Date last seen Price effective from Koha item type Copy number
    Dewey Decimal Classification     Colección General Biblioteca Pública Metropolitana Salomé Ureña Biblioteca Pública Metropolitana Salomé Ureña 06/22/2016 Santillana   BPMSU CG B869.4 P661c 2009 BPMSU16060378 06/22/2016 06/22/2016 Libros  
    Dewey Decimal Classification     Colección General Biblioteca Pública Metropolitana Salomé Ureña Biblioteca Pública Metropolitana Salomé Ureña 06/22/2016 Santillana   BPMSU CG B869.4 P661c 2009 BPMSU16060379 06/22/2016 06/22/2016 Libros  
    Dewey Decimal Classification     Colección General Biblioteca Pública Metropolitana Salomé Ureña Biblioteca Pública Metropolitana Salomé Ureña 06/22/2016 Santillana   BPMSU CG B869.4 P661c 2009 BPMSU16060380 06/22/2016 06/22/2016 Libros e.3